00470 2200181 4500001002100000008004100021035002000062245003600082100001700118260003700135300002700172020002200199084001600221082001000237650001700247990001200264990001200276INLIS000000000015041 ind  a0010-1222000120 aSuka Baca BasmalahcDania Fatma aDANIA, Fatma aSenja Media UtamabDepok :c2021 a24 hlm.: ilus.c20 cm. a978-602-6563-99-6 a741.5 DAN s a741.5 aGAMBAR.KOMIK a10249 a a10249 b